000
00196 a2200097 4500
020
_a
9781930332966
041
_a
spa
100
_a
Mary Pope Osborne
245
_a
Delfines al amanecer
942
_c
BK
999
_c
28885
_d
28885